[Event "Elite Hotels Open 2025"]
[Site "Elite Stadshotellet, Växjö, Sweden"]
[Date "2025.02.07"]
[Round "3.9"]
[White "Sandberg, Lucas"]
[Black "Cederstam, Carl"]
[Result "0-1"]
[TimeControl "R1-4: 15 min + 5 sek, R5-8: 90 min + 30 sek"]
[BlackTitle "FM"]
[WhiteElo "2021"]
[BlackElo "2264"]

1. Nc3 {[%clk 00:15:06]} {[%emt 00:00:03]} Nf6 {[%clk 00:15:07]} {[%emt
00:00:04]} 2. e4 {[%clk 00:15:08]} {[%emt 00:00:02]} e5 {[%clk 00:15:10]}
{[%emt 00:00:02]} 3. Nf3 {[%clk 00:15:12]} Nc6 {[%clk 00:15:14]} {[%emt
00:00:02]} 4. h3 {[%clk 00:15:15]} {[%emt 00:00:01]} Bb4 {[%clk 00:14:49]}
{[%emt 00:00:29]} 5. a3 {[%clk 00:15:19]} {[%emt 00:00:02]} Bxc3 {[%clk
00:14:49]} {[%emt 00:00:05]} 6. dxc3 {[%clk 00:15:22]} h6 {[%clk 00:13:46]}
{[%emt 00:01:08]} 7. Bd3 {[%clk 00:14:06]} {[%emt 00:01:22]} d5 {[%clk
00:12:04]} {[%emt 00:01:47]} 8. Bb5 {[%clk 00:14:02]} {[%emt 00:00:09]} O-O
{[%clk 00:11:28]} {[%emt 00:00:41]} 9. exd5 {[%clk 00:11:31]} {[%emt 00:02:36]}
Nxd5 {[%clk 00:10:57]} {[%emt 00:00:35]} 10. O-O {[%clk 00:11:27]} {[%emt
00:00:09]} e4 {[%clk 00:10:33]} {[%emt 00:00:29]} 11. Nd4 {[%clk 00:10:45]}
{[%emt 00:00:47]} Nce7 {[%clk 00:09:52]} {[%emt 00:00:47]} 12. c4 {[%clk
00:09:49]} {[%emt 00:01:01]} Nf6 {[%clk 00:09:50]} {[%emt 00:00:07]} 13. c5
{[%clk 00:08:47]} {[%emt 00:01:06]} Qd5 {[%clk 00:08:50]} {[%emt 00:01:05]} 14.
b4 {[%clk 00:07:44]} {[%emt 00:01:08]} Rd8 {[%clk 00:08:10]} {[%emt 00:00:45]}
15. Bb2 {[%clk 00:07:46]} {[%emt 00:00:04]} Qg5 {[%clk 00:07:30]} {[%emt
00:00:44]} 16. Qc1 {[%clk 00:07:38]} {[%emt 00:00:14]} Qg6 {[%clk 00:07:16]}
{[%emt 00:00:19]} 17. Ne2 {[%clk 00:07:12]} {[%emt 00:00:32]} Ned5 {[%clk
00:05:46]} {[%emt 00:01:34]} 18. Kh2 {[%clk 00:06:02]} {[%emt 00:01:14]} Be6
{[%clk 00:05:21]} {[%emt 00:00:30]} 19. c4 {[%clk 00:05:53]} {[%emt 00:00:15]}
Ne7 {[%clk 00:05:20]} {[%emt 00:00:06]} 20. Nf4 {[%clk 00:05:32]} {[%emt
00:00:25]} Qf5 {[%clk 00:05:16]} {[%emt 00:00:09]} 21. g4 {[%clk 00:04:59]}
{[%emt 00:00:39]} Nxg4+ {[%clk 00:04:42]} {[%emt 00:00:38]} 22. hxg4 {[%clk
00:05:02]} {[%emt 00:00:02]} Qxg4 {[%clk 00:04:45]} {[%emt 00:00:02]} 23. Qe3
{[%clk 00:03:05]} {[%emt 00:02:02]} g5 {[%clk 00:02:58]} {[%emt 00:01:53]} 24.
Qg3 {[%clk 00:01:42]} {[%emt 00:01:28]} Qxf4 {[%clk 00:02:16]} {[%emt
00:00:47]} 25. Qxf4 {[%clk 00:01:36]} {[%emt 00:00:11]} gxf4 {[%clk 00:02:20]}
{[%emt 00:00:01]} 26. Bf6 {[%clk 00:01:36]} {[%emt 00:00:05]} Kf8 {[%clk
00:02:01]} {[%emt 00:00:25]} 27. Rae1 {[%clk 00:01:15]} {[%emt 00:00:25]} c6
{[%clk 00:01:51]} {[%emt 00:00:15]} 28. Ba4 {[%clk 00:01:18]} {[%emt 00:00:02]}
e3 {[%clk 00:01:19]} {[%emt 00:00:37]} 29. fxe3 {[%clk 00:01:09]} {[%emt
00:00:14]} Rd2+ {[%clk 00:01:23]} 30. Kg1 {[%clk 00:01:10]} {[%emt 00:00:04]}
Bxc4 {[%clk 00:01:04]} {[%emt 00:00:24]} 31. Rxf4 {[%clk 00:01:09]} {[%emt
00:00:06]} Nd5 {[%clk 00:00:52]} {[%emt 00:00:16]} 32. Rxc4 {[%clk 00:00:59]}
{[%emt 00:00:16]} Nxf6 {[%clk 00:00:56]} {[%emt 00:00:01]} 33. Rf1 {[%clk
00:01:00]} {[%emt 00:00:04]} Ke7 {[%clk 00:00:56]} {[%emt 00:00:05]} 34. Rcf4
{[%clk 00:01:03]} {[%emt 00:00:02]} Rg8+ {[%clk 00:00:58]} {[%emt 00:00:02]} 35.
Kh1 {[%clk 00:01:04]} {[%emt 00:00:05]} Rgg2 {[%clk 00:01:00]} {[%emt
00:00:04]} 36. Rh4 {[%clk 00:00:48]} {[%emt 00:00:19]} Rgf2 {[%clk 00:00:27]}
{[%emt 00:00:38]} 37. Rxf2 {[%clk 00:00:38]} {[%emt 00:00:16]} Rxf2 {[%clk
00:00:31]} 38. Rxh6 {[%clk 00:00:17]} {[%emt 00:00:26]} Rf3 {[%clk 00:00:27]}
{[%emt 00:00:09]} 39. Rh2 {[%clk 00:00:10]} {[%emt 00:00:12]} Rxe3 {[%clk
00:00:28]} {[%emt 00:00:03]} 40. Ra2 {[%clk 00:00:14]} {[%emt 00:00:01]} Ne4
{[%clk 00:00:29]} {[%emt 00:00:05]} 41. Ra1 {[%clk 00:00:14]} {[%emt 00:00:05]}
Re2 {[%clk 00:00:19]} {[%emt 00:00:15]} 42. Kg1 {[%clk 00:00:10]} {[%emt
00:00:08]} Nd2 {[%clk 00:00:21]} {[%emt 00:00:04]} 43. Bd1 {[%clk 00:00:07]}
{[%emt 00:00:08]} Re1+ {[%clk 00:00:14]} {[%emt 00:00:12]} 44. Kf2 {[%clk
00:00:11]} Rh1 {[%clk 00:00:17]} {[%emt 00:00:02]} 45. Ke2 {[%clk 00:00:13]}
{[%emt 00:00:04]} Ne4 {[%clk 00:00:21]} 46. Kf3 {[%clk 00:00:06]} {[%emt
00:00:12]} f5 {[%clk 00:00:21]} {[%emt 00:00:05]} 47. Rb1 {[%clk 00:00:09]}
{[%emt 00:00:02]} Nd2+ {[%clk 00:00:24]} {[%emt 00:00:02]} 0-1

[Event "Elite Hotels Open 2025"]
[Site "Elite Stadshotellet, Växjö, Sweden"]
[Date "2025.02.07"]
[Round "3.10"]
[White "Medhus, Vitus Bondo"]
[Black "Karlsson, Stefan 2005"]
[Result "1-0"]
[TimeControl "R1-4: 15 min + 5 sek, R5-8: 90 min + 30 sek"]
[WhiteTitle "FM"]
[WhiteElo "2261"]
[BlackElo "2050"]

1. d4 {[%clk 00:15:07]} {[%emt 00:00:02]} Nf6 {[%clk 00:15:07]} {[%emt
00:00:03]} 2. Nc3 {[%clk 00:15:10]} {[%emt 00:00:02]} d5 {[%clk 00:15:07]}
{[%emt 00:00:05]} 3. Bf4 {[%clk 00:15:14]} g6 {[%clk 00:15:09]} {[%emt
00:00:03]} 4. Nb5 {[%clk 00:15:16]} {[%emt 00:00:03]} Na6 {[%clk 00:15:10]}
{[%emt 00:00:03]} 5. e3 {[%clk 00:15:20]} {[%emt 00:00:02]} Bg7 {[%clk
00:15:06]} {[%emt 00:00:09]} 6. Nf3 {[%clk 00:15:22]} {[%emt 00:00:02]} O-O
{[%clk 00:14:50]} {[%emt 00:00:22]} 7. Ne5 {[%clk 00:15:09]} {[%emt 00:00:19]}
c6 {[%clk 00:14:46]} {[%emt 00:00:08]} 8. Nc3 {[%clk 00:15:12]} {[%emt
00:00:02]} Nc7 {[%clk 00:14:31]} {[%emt 00:00:20]} 9. h4 {[%clk 00:15:11]}
{[%emt 00:00:06]} h5 {[%clk 00:14:24]} {[%emt 00:00:12]} 10. Bd3 {[%clk
00:15:01]} {[%emt 00:00:15]} Nd7 {[%clk 00:14:06]} {[%emt 00:00:22]} 11. Qe2
{[%clk 00:12:58]} {[%emt 00:02:09]} Nxe5 {[%clk 00:12:41]} {[%emt 00:01:30]} 12.
Bxe5 {[%clk 00:12:46]} {[%emt 00:00:17]} Bxe5 {[%clk 00:11:06]} {[%emt
00:01:40]} 13. dxe5 {[%clk 00:12:49]} {[%emt 00:00:03]} b5 {[%clk 00:10:59]}
{[%emt 00:00:11]} 14. O-O-O {[%clk 00:12:30]} {[%emt 00:00:25]} Na6 {[%clk
00:09:17]} {[%emt 00:01:45]} 15. f3 {[%clk 00:11:29]} {[%emt 00:01:08]} Qc7
{[%clk 00:07:46]} {[%emt 00:01:35]} 16. g4 {[%clk 00:10:51]} {[%emt 00:00:43]}
Qxe5 {[%clk 00:07:04]} {[%emt 00:00:46]} 17. f4 {[%clk 00:10:54]} {[%emt
00:00:03]} Qh8 {[%clk 00:06:37]} {[%emt 00:00:33]} 18. f5 {[%clk 00:10:31]}
{[%emt 00:00:28]} Nc5 {[%clk 00:06:06]} {[%emt 00:00:35]} 19. Rhg1 {[%clk
00:10:21]} {[%emt 00:00:15]} hxg4 {[%clk 00:05:36]} {[%emt 00:00:34]} 20. Qxg4
{[%clk 00:10:24]} {[%emt 00:00:04]} Nxd3+ {[%clk 00:04:55]} {[%emt 00:00:46]}
21. cxd3 {[%clk 00:09:58]} {[%emt 00:00:30]} Qh6 {[%clk 00:04:09]} {[%emt
00:00:50]} 22. h5 {[%clk 00:08:55]} {[%emt 00:01:09]} g5 {[%clk 00:02:38]}
{[%emt 00:01:36]} 23. Qxg5+ {[%clk 00:07:36]} {[%emt 00:01:25]} Qxg5 {[%clk
00:02:41]} 24. Rxg5+ {[%clk 00:07:40]} {[%emt 00:00:02]} Kh7 {[%clk 00:02:24]}
{[%emt 00:00:22]} 25. Rdg1 {[%clk 00:07:23]} {[%emt 00:00:21]} Bd7 {[%clk
00:02:05]} {[%emt 00:00:24]} 26. e4 {[%clk 00:07:10]} {[%emt 00:00:19]} dxe4
{[%clk 00:01:21]} {[%emt 00:00:48]} 27. Nxe4 {[%clk 00:07:13]} {[%emt
00:00:02]} Rg8 {[%clk 00:01:21]} {[%emt 00:00:05]} 28. f6 {[%clk 00:07:10]}
{[%emt 00:00:08]} Rxg5 {[%clk 00:00:48]} {[%emt 00:00:39]} 29. Nxg5+ {[%clk
00:07:09]} {[%emt 00:00:04]} Kh6 {[%clk 00:00:51]} {[%emt 00:00:02]} 30. Nxf7+
{[%clk 00:07:02]} {[%emt 00:00:13]} Kxh5 {[%clk 00:00:53]} {[%emt 00:00:03]} 31.
Ne5 {[%clk 00:06:52]} {[%emt 00:00:16]} Be6 {[%clk 00:00:21]} {[%emt 00:00:36]}
32. fxe7 {[%clk 00:06:24]} {[%emt 00:00:33]} Re8 {[%clk 00:00:14]} {[%emt
00:00:12]} 33. Rg7 {[%clk 00:06:08]} {[%emt 00:00:21]} Bd5 {[%clk 00:00:08]}
{[%emt 00:00:11]} 34. Ng4 {[%clk 00:06:08]} {[%emt 00:00:05]} Rxe7 {[%clk
00:00:06]} {[%emt 00:00:08]} 35. Nf6+ {[%clk 00:06:11]} {[%emt 00:00:02]} Kh6
{[%clk 00:00:09]} {[%emt 00:00:01]} 36. Rxe7 {[%clk 00:06:14]} {[%emt
00:00:03]} 1-0

[Event "Elite Hotels Open 2025"]
[Site "Elite Stadshotellet, Växjö, Sweden"]
[Date "2025.02.07"]
[Round "3.11"]
[White "Johansson, William 2007"]
[Black "Grahn, Vidar"]
[Result "0-1"]
[TimeControl "R1-4: 15 min + 5 sek, R5-8: 90 min + 30 sek"]
[BlackTitle "FM"]
[WhiteElo "2020"]
[BlackElo "2252"]

1. e4 {[%clk 00:15:09]} e5 {[%clk 00:15:09]} {[%emt 00:00:02]} 2. Nf3 {[%clk
00:15:13]} {[%emt 00:00:01]} Nc6 {[%clk 00:15:13]} {[%emt 00:00:01]} 3. Bb5
{[%clk 00:15:16]} {[%emt 00:00:01]} a6 {[%clk 00:15:17]} {[%emt 00:00:01]} 4.
Ba4 {[%clk 00:15:19]} {[%emt 00:00:02]} Nf6 {[%clk 00:15:21]} {[%emt 00:00:01]}
5. O-O {[%clk 00:15:22]} {[%emt 00:00:02]} d6 {[%clk 00:15:24]} 6. Re1 {[%clk
00:15:20]} {[%emt 00:00:08]} Bd7 {[%clk 00:15:28]} {[%emt 00:00:01]} 7. c3
{[%clk 00:15:15]} {[%emt 00:00:10]} g6 {[%clk 00:15:31]} {[%emt 00:00:02]} 8.
d4 {[%clk 00:15:18]} Bg7 {[%clk 00:15:35]} {[%emt 00:00:02]} 9. d5 {[%clk
00:15:12]} {[%emt 00:00:11]} Ne7 {[%clk 00:15:38]} 10. c4 {[%clk 00:15:16]}
{[%emt 00:00:02]} b5 {[%clk 00:15:42]} 11. Bb3 {[%clk 00:15:10]} {[%emt
00:00:10]} O-O {[%clk 00:15:28]} {[%emt 00:00:19]} 12. c5 {[%clk 00:15:06]}
{[%emt 00:00:09]} Bg4 {[%clk 00:15:28]} {[%emt 00:00:05]} 13. cxd6 {[%clk
00:13:29]} {[%emt 00:01:42]} cxd6 {[%clk 00:15:24]} {[%emt 00:00:10]} 14. h3
{[%clk 00:12:56]} {[%emt 00:00:38]} Bxf3 {[%clk 00:14:47]} {[%emt 00:00:42]} 15.
Qxf3 {[%clk 00:13:00]} {[%emt 00:00:02]} Nd7 {[%clk 00:14:26]} {[%emt
00:00:24]} 16. Nc3 {[%clk 00:12:10]} {[%emt 00:00:55]} f5 {[%clk 00:13:41]}
{[%emt 00:00:50]} 17. exf5 {[%clk 00:12:11]} {[%emt 00:00:05]} Nxf5 {[%clk
00:13:17]} {[%emt 00:00:29]} 18. Ne4 {[%clk 00:11:38]} {[%emt 00:00:38]} Nd4
{[%clk 00:12:27]} {[%emt 00:00:55]} 19. Qg4 {[%clk 00:11:06]} {[%emt 00:00:36]}
Nc5 {[%clk 00:11:31]} {[%emt 00:01:01]} 20. Bg5 {[%clk 00:11:07]} {[%emt
00:00:04]} Qb6 {[%clk 00:10:34]} {[%emt 00:01:02]} 21. Be3 {[%clk 00:08:55]}
{[%emt 00:02:17]} Nxe4 {[%clk 00:07:08]} {[%emt 00:03:31]} 22. Qxe4 {[%clk
00:08:58]} {[%emt 00:00:02]} Qa5 {[%clk 00:06:39]} {[%emt 00:00:34]} 23. Red1
{[%clk 00:04:56]} {[%emt 00:04:07]} Ne2+ {[%clk 00:06:07]} {[%emt 00:00:37]} 24.
Kh2 {[%clk 00:04:36]} {[%emt 00:00:25]} Nf4 {[%clk 00:05:53]} {[%emt 00:00:19]}
25. g3 {[%clk 00:04:37]} {[%emt 00:00:04]} Nh5 {[%clk 00:05:50]} {[%emt
00:00:08]} 26. a4 {[%clk 00:04:05]} {[%emt 00:00:37]} Nf6 {[%clk 00:05:39]}
{[%emt 00:00:16]} 27. Qg2 {[%clk 00:03:59]} {[%emt 00:00:11]} Qb4 {[%clk
00:05:24]} {[%emt 00:00:19]} 28. Rd3 {[%clk 00:03:48]} {[%emt 00:00:17]} e4
{[%clk 00:05:14]} {[%emt 00:00:15]} 29. Bd2 {[%clk 00:03:51]} {[%emt 00:00:03]}
Qc5 {[%clk 00:05:04]} {[%emt 00:00:15]} 30. Rc3 {[%clk 00:03:20]} {[%emt
00:00:36]} Ng4+ {[%clk 00:04:57]} {[%emt 00:00:12]} 31. hxg4 {[%clk 00:02:21]}
{[%emt 00:01:04]} Bxc3 {[%clk 00:05:00]} 32. Be3 {[%clk 00:02:00]} {[%emt
00:00:26]} Bd4 {[%clk 00:05:02]} {[%emt 00:00:03]} 33. Rc1 {[%clk 00:01:58]}
{[%emt 00:00:08]} Qxc1 {[%clk 00:05:02]} {[%emt 00:00:05]} 34. Bxc1 {[%clk
00:01:34]} {[%emt 00:00:28]} Rxf2 {[%emt 00:00:04]} 35. Qxf2 {[%clk 00:01:13]}
{[%emt 00:00:25]} Bxf2 {[%clk 00:05:08]} {[%emt 00:00:01]} 36. Kg2 {[%clk
00:01:17]} {[%emt 00:00:01]} Bd4 {[%clk 00:05:11]} {[%emt 00:00:02]} 37. Bf4
{[%clk 00:01:17]} {[%emt 00:00:06]} Be5 {[%clk 00:05:05]} {[%emt 00:00:11]} 38.
Bxe5 {[%clk 00:01:14]} {[%emt 00:00:08]} dxe5 {[%clk 00:05:09]} 39. axb5 {[%clk
00:01:12]} {[%emt 00:00:07]} Rb8 {[%clk 00:04:57]} {[%emt 00:00:16]} 40. d6+
{[%clk 00:00:07]} {[%emt 00:01:10]} Kf8 {[%clk 00:05:00]} {[%emt 00:00:02]} 41.
Bc4 {[%clk 00:00:11]} {[%emt 00:00:01]} axb5 {[%clk 00:05:00]} {[%emt
00:00:06]} 42. Bd5 {[%clk 00:00:15]} Rd8 {[%clk 00:05:03]} {[%emt 00:00:03]} 43.
Bxe4 {[%clk 00:00:16]} {[%emt 00:00:03]} Rxd6 {[%clk 00:05:06]} {[%emt
00:00:02]} 44. Kf3 {[%clk 00:00:13]} {[%emt 00:00:08]} Ke7 {[%clk 00:04:53]}
{[%emt 00:00:18]} 45. Ke3 {[%clk 00:00:07]} {[%emt 00:00:12]} Rd4 {[%clk
00:04:55]} {[%emt 00:00:02]} 46. g5 {[%clk 00:00:07]} {[%emt 00:00:06]} Kd6
{[%clk 00:04:55]} {[%emt 00:00:05]} 47. b3 {[%clk 00:00:09]} {[%emt 00:00:03]}
Rd1 {[%clk 00:04:40]} {[%emt 00:00:19]} 48. Bd3 {[%clk 00:00:10]} {[%emt
00:00:03]} Kc5 {[%clk 00:04:37]} {[%emt 00:00:09]} 49. Ke4 {[%clk 00:00:09]}
{[%emt 00:00:07]} Re1+ {[%clk 00:04:39]} {[%emt 00:00:02]} 50. Kf3 {[%clk
00:00:12]} {[%emt 00:00:02]} Kd4 {[%clk 00:04:35]} {[%emt 00:00:08]} 51. Bxb5
{[%clk 00:00:15]} {[%emt 00:00:03]} Re3+ {[%clk 00:04:38]} 52. Kg4 {[%clk
00:00:19]} {[%emt 00:00:02]} Rxb3 {[%clk 00:04:41]} {[%emt 00:00:02]} 53. Be8
{[%clk 00:00:21]} {[%emt 00:00:03]} e4 {[%clk 00:04:43]} {[%emt 00:00:03]} 54.
Bf7 {[%clk 00:00:24]} {[%emt 00:00:02]} Rb7 {[%clk 00:04:46]} {[%emt 00:00:01]}
55. Be8 {[%clk 00:00:20]} {[%emt 00:00:10]} e3 {[%clk 00:04:48]} {[%emt
00:00:03]} 56. Kf3 {[%clk 00:00:24]} {[%emt 00:00:02]} Re7 {[%clk 00:04:43]}
{[%emt 00:00:09]} 57. Bb5 {[%clk 00:00:27]} {[%emt 00:00:02]} Re5 {[%clk
00:04:46]} {[%emt 00:00:02]} 58. Be2 {[%clk 00:00:29]} {[%emt 00:00:03]} Rxg5
{[%clk 00:04:48]} {[%emt 00:00:05]} 59. Kf4 {[%clk 00:00:33]} Rf5 {[%clk
00:04:51]} {[%emt 00:00:02]} 60. Kg4 {[%clk 00:00:35]} {[%emt 00:00:02]} Rf2
{[%clk 00:04:54]} {[%emt 00:00:02]} 0-1

[Event "Elite Hotels Open 2025"]
[Site "Elite Stadshotellet, Växjö, Sweden"]
[Date "2025.02.07"]
[Round "3.12"]
[White "Gajic, Mladen"]
[Black "Tabaa, Ghayth"]
[Result "1-0"]
[TimeControl "R1-4: 15 min + 5 sek, R5-8: 90 min + 30 sek"]
[WhiteTitle "FM"]
[WhiteElo "2251"]
[BlackElo "2031"]

1. d4 {[%clk 00:15:07]} {[%emt 00:00:02]} Nf6 {[%clk 00:14:38]} {[%emt
00:00:33]} 2. Nf3 {[%clk 00:14:51]} {[%emt 00:00:21]} e6 {[%clk 00:14:36]}
{[%emt 00:00:07]} 3. e3 {[%clk 00:14:50]} {[%emt 00:00:06]} c5 {[%clk
00:14:13]} {[%emt 00:00:28]} 4. Nbd2 {[%clk 00:14:36]} {[%emt 00:00:19]} cxd4
{[%clk 00:13:20]} {[%emt 00:00:58]} 5. exd4 {[%clk 00:14:40]} Be7 {[%clk
00:13:04]} {[%emt 00:00:21]} 6. Bd3 {[%clk 00:14:43]} {[%emt 00:00:02]} b6
{[%clk 00:12:47]} {[%emt 00:00:22]} 7. O-O {[%clk 00:14:43]} {[%emt 00:00:04]}
Bb7 {[%clk 00:12:25]} {[%emt 00:00:27]} 8. c3 {[%clk 00:14:38]} {[%emt
00:00:11]} O-O {[%clk 00:12:20]} {[%emt 00:00:10]} 9. Qe2 {[%clk 00:14:38]}
{[%emt 00:00:04]} d6 {[%clk 00:12:13]} {[%emt 00:00:13]} 10. Re1 {[%clk
00:14:29]} {[%emt 00:00:14]} Nbd7 {[%clk 00:12:08]} {[%emt 00:00:11]} 11. h3
{[%clk 00:14:19]} {[%emt 00:00:14]} Re8 {[%clk 00:12:07]} {[%emt 00:00:06]} 12.
a4 {[%clk 00:14:07]} {[%emt 00:00:16]} a6 {[%clk 00:11:54]} {[%emt 00:00:19]}
13. Nc4 {[%clk 00:13:51]} {[%emt 00:00:20]} Qc7 {[%clk 00:08:52]} {[%emt
00:03:07]} 14. Bf4 {[%clk 00:11:56]} {[%emt 00:02:00]} Bf8 {[%clk 00:08:36]}
{[%emt 00:00:21]} 15. Bh2 {[%clk 00:11:29]} {[%emt 00:00:33]} Bc6 {[%clk
00:07:45]} {[%emt 00:00:56]} 16. Qe3 {[%clk 00:08:23]} {[%emt 00:03:10]} h6
{[%clk 00:07:06]} {[%emt 00:00:45]} 17. Qf4 {[%clk 00:07:33]} {[%emt 00:00:53]}
Qb7 {[%clk 00:04:52]} {[%emt 00:02:20]} 18. Nxd6 {[%clk 00:04:26]} {[%emt
00:03:13]} Bxd6 {[%clk 00:04:52]} {[%emt 00:00:04]} 19. Qxd6 {[%clk 00:04:30]}
{[%emt 00:00:02]} Bxf3 {[%clk 00:03:53]} {[%emt 00:01:04]} 20. gxf3 {[%clk
00:04:34]} {[%emt 00:00:01]} Qxf3 {[%clk 00:03:46]} {[%emt 00:00:12]} 21. Bf1
{[%clk 00:04:31]} {[%emt 00:00:07]} Rad8 {[%clk 00:02:40]} {[%emt 00:01:11]} 22.
Re3 {[%clk 00:03:29]} {[%emt 00:01:08]} Qh5 {[%clk 00:01:13]} {[%emt 00:01:32]}
23. Be2 {[%clk 00:01:19]} {[%emt 00:02:14]} Qh4 {[%clk 00:00:48]} {[%emt
00:00:31]} 24. Qg3 {[%clk 00:00:17]} {[%emt 00:01:07]} Qxg3+ 25. Rxg3 {[%clk
00:00:21]} Ne4 {[%emt 00:00:18]} 26. Re3 {[%clk 00:00:21]} {[%emt 00:00:04]}
Ndf6 {[%clk 00:00:07]} {[%emt 00:00:04]} 27. Bxa6 {[%clk 00:00:20]} {[%emt
00:00:06]} Nd6 {[%clk 00:00:09]} {[%emt 00:00:03]} 28. Kh1 {[%clk 00:00:13]}
{[%emt 00:00:10]} Ra8 {[%clk 00:00:10]} {[%emt 00:00:06]} 29. Bd3 {[%clk
00:00:14]} {[%emt 00:00:04]} Nc8 {[%clk 00:00:08]} {[%emt 00:00:07]} 30. Rae1
{[%clk 00:00:14]} {[%emt 00:00:05]} Na7 {[%clk 00:00:11]} {[%emt 00:00:02]} 31.
Bc4 {[%clk 00:00:15]} {[%emt 00:00:05]} Rac8 {[%clk 00:00:13]} {[%emt
00:00:01]} 32. Bb3 {[%clk 00:00:18]} {[%emt 00:00:02]} Nc6 {[%clk 00:00:16]}
{[%emt 00:00:03]} 33. Be5 {[%clk 00:00:19]} {[%emt 00:00:04]} Na5 {[%clk
00:00:19]} {[%emt 00:00:02]} 34. Ba2 {[%clk 00:00:21]} {[%emt 00:00:03]} Nd5
{[%clk 00:00:22]} {[%emt 00:00:01]} 35. Rg3 {[%clk 00:00:22]} {[%emt 00:00:05]}
f6 {[%clk 00:00:23]} {[%emt 00:00:04]} 36. Bd6 {[%clk 00:00:11]} {[%emt
00:00:15]} Kf7 {[%clk 00:00:24]} {[%emt 00:00:05]} 37. Rd3 {[%clk 00:00:08]}
{[%emt 00:00:08]} Rc6 {[%clk 00:00:18]} {[%emt 00:00:10]} 38. Bg3 {[%clk
00:00:10]} {[%emt 00:00:03]} Nc4 {[%clk 00:00:14]} {[%emt 00:00:09]} 39. Re2
{[%clk 00:00:13]} {[%emt 00:00:03]} g5 {[%clk 00:00:15]} {[%emt 00:00:05]} 40.
Bb3 {[%clk 00:00:15]} {[%emt 00:00:02]} Nf4 {[%clk 00:00:15]} {[%emt 00:00:05]}
41. Bxf4 gxf4 {[%clk 00:00:20]} 42. Re4 {[%clk 00:00:20]} {[%emt 00:00:03]}
Nxb2 {[%clk 00:00:19]} {[%emt 00:00:06]} 43. Rf3 {[%clk 00:00:21]} {[%emt
00:00:02]} f5 {[%clk 00:00:19]} {[%emt 00:00:06]} 44. Re5 {[%clk 00:00:14]}
{[%emt 00:00:12]} Nc4 {[%clk 00:00:21]} {[%emt 00:00:04]} 45. Rxf4 {[%clk
00:00:14]} {[%emt 00:00:06]} Nxe5 {[%clk 00:00:19]} {[%emt 00:00:06]} 46. dxe5
{[%clk 00:00:18]} Ke7 {[%clk 00:00:10]} {[%emt 00:00:15]} 47. Rb4 {[%clk
00:00:22]} Rxc3 {[%clk 00:00:11]} {[%emt 00:00:03]} 48. Rxb6 {[%clk 00:00:26]}
Rd8 {[%clk 00:00:08]} {[%emt 00:00:08]} 49. Kg2 {[%clk 00:00:17]} {[%emt
00:00:15]} Rdd3 {[%clk 00:00:11]} {[%emt 00:00:02]} 50. Bxe6 {[%clk 00:00:19]}
{[%emt 00:00:03]} f4 {[%clk 00:00:12]} {[%emt 00:00:04]} 51. Bg4 {[%clk
00:00:18]} {[%emt 00:00:05]} Rb3 {[%clk 00:00:11]} {[%emt 00:00:06]} 52. Rxh6
{[%clk 00:00:21]} {[%emt 00:00:03]} Rd2 {[%clk 00:00:09]} {[%emt 00:00:07]} 53.
Rh7+ {[%clk 00:00:24]} {[%emt 00:00:02]} Kf8 {[%clk 00:00:10]} {[%emt
00:00:05]} 54. e6 {[%clk 00:00:24]} {[%emt 00:00:05]} Re3 {[%clk 00:00:08]}
{[%emt 00:00:07]} 55. Rf7+ {[%clk 00:00:19]} {[%emt 00:00:10]} Kg8 {[%clk
00:00:12]} {[%emt 00:00:02]} 56. Rxf4 {[%clk 00:00:21]} {[%emt 00:00:02]} Ra3
{[%clk 00:00:11]} {[%emt 00:00:06]} 57. e7 {[%clk 00:00:22]} {[%emt 00:00:03]}
Re3 {[%clk 00:00:09]} {[%emt 00:00:07]} 58. Rf8+ {[%clk 00:00:26]} Kh7 {[%clk
00:00:09]} {[%emt 00:00:06]} 59. e8=Q {[%clk 00:00:23]} {[%emt 00:00:08]} 1-0